Faculty of Law Library — Cairo University

Official Online Catalog

Traité De L'exercice Et De L'extinction Des Actions Publique Et Privée : (Record no. 71612)

MARC details
000 -LEADER
fixed length control field 01130nam a2200313 i 4500
003 - CONTROL NUMBER IDENTIFIER
control field EG-GICUC
005 - DATE AND TIME OF LATEST TRANSACTION
control field 20260418102448.0
008 - FIXED-LENGTH DATA ELEMENTS--GENERAL INFORMATION
fixed length control field 260418s1874 fr fr|||| 00| 0 fre d
040 ## - CATALOGING SOURCE
Original cataloging agency EG-GiCUC
Language of cataloging fre
Transcribing agency EG-GiCUC
Modifying agency EG-GiCUC
Description conventions Rda
041 ## - LANGUAGE CODE
Language code of text/sound track or separate title fre
082 04 - DEWEY DECIMAL CLASSIFICATION NUMBER
Edition number 21
Classification number 343.3
Item number AC . T
092 04 - LOCALLY ASSIGNED DEWEY CALL NUMBER (OCLC)
Edition number 21
099 ## - LOCAL FREE-TEXT CALL NUMBER (OCLC)
Classification number Law1 10 343.3 AC . T 1874
100 1# - MAIN ENTRY--PERSONAL NAME
Personal name Le Sellyer, Achille-François.
Relator term Auteur
245 10 - TITLE STATEMENT
Title Traité De L'exercice Et De L'extinction Des Actions Publique Et Privée :
Remainder of title Qui Naissent Des Contraventions, Des Délits Et Des Crimes /
Statement of responsibility, etc. Par Achille-françois Le Sellyer.
Number of part/section of a work Tome Deuxieme
250 ## - EDITION STATEMENT
Edition statement Deuxième édition augmentée d'un supplément.
264 #1 - PRODUCTION, PUBLICATION, DISTRIBUTION, MANUFACTURE, AND COPYRIGHT NOTICE
Place of production, publication, distribution, manufacture Paris :
Name of producer, publisher, distributor, manufacturer A. Durand et Pedone-Lauriel,
Date of production, publication, distribution, manufacture, or copyright notice 1874.
300 ## - PHYSICAL DESCRIPTION
Extent 605page ;
Dimensions 24 cm.
336 ## - CONTENT TYPE
Source rda contenu
Content type term texte
337 ## - MEDIA TYPE
Source rda medias
Media type term Ordinateur
338 ## - CARRIER TYPE
Source transporteur rda
Carrier type term Ressource en ligne
546 #0 - LANGUAGE NOTE
Language note Texte en français
650 1# - SUBJECT ADDED ENTRY--TOPICAL TERM
Topical term or geographic name entry element Droit pénal
Source of heading or term qrmak
650 1# - SUBJECT ADDED ENTRY--TOPICAL TERM
Topical term or geographic name entry element Action publique
651 1# - SUBJECT ADDED ENTRY--GEOGRAPHIC NAME
Source of heading or term qrmak
856 40 - ELECTRONIC LOCATION AND ACCESS
Uniform Resource Identifier <a href="https://fll.law.cu.edu.eg/fulltext/bks/B10-00241.pdf">https://fll.law.cu.edu.eg/fulltext/bks/B10-00241.pdf</a>
905 ## - Cataloger and Reviser Names
Cataloger Name: Farha Tarek
942 ## - ADDED ENTRY ELEMENTS (KOHA)
Source of classification or shelving scheme Dewey Decimal Classification
Koha item type Books
Edition 21
Suppress in OPAC No
Holdings
Withdrawn status Lost status Source of classification or shelving scheme Damaged status Not for loan Collection Home library Current library Date acquired Total checkouts Full call number Barcode Date last seen Copy number Price effective from Koha item type
    Dewey Decimal Classification   Not for loan القانون الجنائي جــــامعة القــاهرة مكتبة كلية الحقوق - المبنى الرئيسي 18.04.2026   Law1 10 343.3 AC . T 1874 1000241 C1 B10-00241 18.04.2026 1 18.04.2026 Books

© All rights reserved — Faculty of Law, Cairo University